[Event "76. España ch 2011"]
[Site "Arenal d'en Castell ESP"]
[Date "2011.10.15"]
[Round "1.1"]
[White "Suarez Garcia, Carlos"]
[Black "Illescas Cordoba, Miguel"]
[Result "0-1"]
[WhiteElo "2254"]
[BlackElo "2601"]
[PlyCount "102"]
[EventDate "2011.10.15"]
[EventType "swiss"]
[EventRounds "9"]
[EventCountry "ESP"]
[Source "lmi"]
[SourceDate "2011.10.15"]

1. d4 Nf6 2. Nf3 g6 3. c4 Bg7 4. Nc3 d5 5. Bf4 O-O 6. e3 c5 7. Be2 cxd4 8. exd4
Nc6 9. Ne5 dxc4 10. Nxc6 bxc6 11. Bxc4 Nd5 12. Bxd5 cxd5 13. O-O e6 14. Be3 Bd7
15. Rb1 Rb8 16. Na4 Qa5 17. Nc5 Bb5 18. Re1 Qxa2 19. Bf4 Rbc8 20. Qd2 Qc4 21.
Be3 Bc6 22. Ra1 Rb8 23. Rec1 Qb5 24. b3 Rfc8 25. Rxa7 Ra8 26. Rca1 Rxa7 27.
Rxa7 Ra8 28. Rxa8+ Bxa8 29. g3 Bc6 30. Qc3 h6 31. Nd3 Kh7 32. Ne5 Be8 33. Nd3
Qa6 34. Nc5 Qe2 35. Qd3 Qe1+ 36. Kg2 Qb4 37. Na6 Qa5 38. Nc5 Bb5 39. Qd1 Qc3
40. Na4 Qa5 41. h4 Qc7 42. Bf4 Qa7 43. Be3 Qe7 44. Bf4 Qb4 45. Be3 e5 46. dxe5
Qe4+ 47. Kg1 Qxe5 48. Bf4 Qf5 49. Be3 d4 50. Bd2 Bc6 51. Nb2 Qh3 0-1

[Event "76. España ch 2011"]
[Site "Arenal d'en Castell ESP"]
[Date "2011.10.15"]
[Round "1.2"]
[White "Arizmendi Martinez, Julen Luis"]
[Black "Zamarbide Inarrea, Daniel"]
[Result "1-0"]
[WhiteElo "2568"]
[BlackElo "2215"]
[PlyCount "33"]
[EventDate "2011.10.15"]
[EventType "swiss"]
[EventRounds "9"]
[EventCountry "ESP"]
[Source "lmi"]
[SourceDate "2011.10.15"]

1. d4 d5 2. c4 e5 3. dxe5 d4 4. Nf3 Nc6 5. Nbd2 Bf5 6. a3 Qe7 7. b4 O-O-O 8. g3
f6 9. exf6 Nxf6 10. Bg2 d3 11. e3 Ne4 12. Bb2 Nxd2 13. Nxd2 Ne5 14. Qa4 a6 15.
b5 Rd6 16. bxa6 Rxa6 17. Qb5 1-0

[Event "76. España ch 2011"]
[Site "Arenal d'en Castell ESP"]
[Date "2011.10.15"]
[Round "1.3"]
[White "Espineira Gonzalez, Pablo D"]
[Black "Perez Candelario, Manuel"]
[Result "0-1"]
[WhiteElo "2192"]
[BlackElo "2556"]
[PlyCount "74"]
[EventDate "2011.10.15"]
[EventType "swiss"]
[EventRounds "9"]
[EventCountry "ESP"]
[Source "lmi"]
[SourceDate "2011.10.15"]

1. c4 e5 2. Nc3 Bb4 3. Nf3 Bxc3 4. bxc3 e4 5. Nd4 Nf6 6. g3 O-O 7. Bg2 Re8 8.
O-O d6 9. d3 Nbd7 10. Qc2 Qe7 11. Rb1 h6 12. Nf5 Qe5 13. Bh3 exd3 14. exd3 Nc5
15. d4 Qe4 16. Qxe4 Ncxe4 17. Rb3 b6 18. Re1 Be6 19. Ra3 a5 20. Bf4 Bxc4 21.
Bg2 Kh7 22. h4 g5 23. Bc1 Kg6 24. g4 d5 25. f3 Ng3 26. Ne7+ Rxe7 27. Rxe7 Ne2+
28. Rxe2 Bxe2 29. Rb3 Bc4 30. Rb2 Re8 31. Kf2 Rh8 32. a3 Ne8 33. Kg3 Nd6 34. f4
f6 35. Rf2 c6 36. Bf3 Bd3 37. Rh2 Re8 0-1

[Event "76. España ch 2011"]
[Site "Arenal d'en Castell ESP"]
[Date "2011.10.15"]
[Round "1.4"]
[White "Moreno Ruiz, Javier"]
[Black "Meneses Gonzalez, Kevin Moises"]
[Result "1-0"]
[WhiteElo "2536"]
[BlackElo "2192"]
[PlyCount "72"]
[EventDate "2011.10.15"]
[EventType "swiss"]
[EventRounds "9"]
[EventCountry "ESP"]
[Source "lmi"]
[SourceDate "2011.10.15"]

1. d4 Nf6 2. c4 g6 3. Nc3 Bg7 4. e4 d6 5. Be2 O-O 6. Nf3 e5 7. d5 a5 8. Bg5 h6
9. Bh4 Na6 10. Nd2 Qe8 11. O-O h5 12. a3 Bd7 13. b4 Nh7 14. f3 Bh6 15. Rb1 Be3+
16. Bf2 Bxf2+ 17. Rxf2 Qe7 18. c5 axb4 19. axb4 dxc5 20. b5 Nb4 21. Nc4 Nf6 22.
Qd2 Ne8 23. f4 exf4 24. Qxf4 Nd6 25. e5 Nxb5 26. Ne4 Nxd5 27. Qh6 Ra6 28. Ne3
Qxe5 29. Ng5 Qg7 30. Nxd5 Rd6 31. Bxb5 Bxb5 32. Nxc7 Bc6 33. Rbf1 Bd7 34. Rxf7
Rxf7 35. Rxf7 c4 36. Re7 Rd1+ 1-0

[Event "76. España ch 2011"]
[Site "Arenal d'en Castell ESP"]
[Date "2011.10.15"]
[Round "1.5"]
[White "Vila Dupla, Aurelio"]
[Black "Del Rio De Angelis, Salvador G"]
[Result "1/2-1/2"]
[WhiteElo "2191"]
[BlackElo "2527"]
[PlyCount "52"]
[EventDate "2011.10.15"]
[EventType "swiss"]
[EventRounds "9"]
[EventCountry "ESP"]
[Source "lmi"]
[SourceDate "2011.10.15"]

1. Nf3 d6 2. d4 Bg4 3. c4 Bxf3 4. gxf3 g6 5. Qb3 b6 6. Bg2 Bg7 7. Be3 Nf6 8.
Nc3 O-O 9. f4 c6 10. Bf3 e6 11. h4 d5 12. h5 Nbd7 13. cxd5 cxd5 14. f5 exf5 15.
hxg6 hxg6 16. O-O-O b5 17. Nxd5 Nxd5 18. Qxd5 Nb6 19. Qxb5 Rc8+ 20. Kb1 Nc4 21.
Bf4 g5 22. Qxf5 Na3+ 23. Ka1 Nc2+ 24. Kb1 Na3+ 25. Ka1 Nc2+ 26. Kb1 Na3+
1/2-1/2

[Event "76. España ch 2011"]
[Site "Arenal d'en Castell ESP"]
[Date "2011.10.15"]
[Round "1.6"]
[White "Lopez Martinez, Josep Manuel"]
[Black "De La Fuente Gonzalez, Francisco"]
[Result "1-0"]
[WhiteElo "2519"]
[BlackElo "2190"]
[PlyCount "56"]
[EventDate "2011.10.15"]
[EventType "swiss"]
[EventRounds "9"]
[EventCountry "ESP"]
[Source "lmi"]
[SourceDate "2011.10.15"]

1. c4 c5 2. Nf3 Nf6 3. Nc3 Nc6 4. d4 cxd4 5. Nxd4 e6 6. g3 Bc5 7. Nb3 Bb4 8.
Bg2 O-O 9. O-O a6 10. Bf4 Bxc3 11. bxc3 d5 12. c5 e5 13. Bg5 Be6 14. Bxf6 gxf6
15. Qd2 Ne7 16. Rfd1 Rc8 17. Qh6 Nf5 18. Qc1 Ne7 19. Qh6 Nf5 20. Qh5 Ng7 21.
Qh4 Nf5 22. Qb4 Rc7 23. e4 Ne7 24. exd5 Rd7 25. c4 Bg4 26. Re1 Ng6 27. Na5 Qe7
28. Rab1 Qd8 1-0

[Event "76. España ch 2011"]
[Site "Arenal d'en Castell ESP"]
[Date "2011.10.15"]
[Round "1.7"]
[White "Arboledas Fernandez, Antonio A"]
[Black "Cifuentes Parada, Roberto"]
[Result "1/2-1/2"]
[WhiteElo "2125"]
[BlackElo "2518"]
[PlyCount "80"]
[EventDate "2011.10.15"]
[EventType "swiss"]
[EventRounds "9"]
[EventCountry "ESP"]
[Source "lmi"]
[SourceDate "2011.10.15"]

1. d4 d6 2. e4 Nf6 3. f3 c5 4. Ne2 e6 5. c4 Be7 6. Nbc3 O-O 7. Be3 Nc6 8. Qd2
cxd4 9. Nxd4 d5 10. cxd5 exd5 11. Nxc6 bxc6 12. Be2 Be6 13. O-O dxe4 14. Qxd8
Rfxd8 15. fxe4 Ng4 16. Bxg4 Bxg4 17. h3 Be6 18. Rfd1 a5 19. Kf2 Bh4+ 20. Kf3 f5
21. exf5 Bxf5 22. Rxd8+ Rxd8 23. Rd1 Rf8 24. Ke2 Re8 25. Kf3 h5 26. Rd6 Bc8 27.
Ne4 Be7 28. Rxc6 Bb7 29. Re6 Kf7 30. Re5 Rc8 31. Rb5 Bc6 32. Rxa5 Rb8 33. Bd4
Rb4 34. Ke3 Bxe4 35. Kxe4 Bf6 36. Rd5 Bxd4 37. Rxd4 Rxb2 38. Rd7+ Kf6 39. Rd6+
Ke7 40. Rg6 Ke8 1/2-1/2

[Event "76. España ch 2011"]
[Site "Arenal d'en Castell ESP"]
[Date "2011.10.15"]
[Round "1.8"]
[White "Alonso Rosell, Alvar"]
[Black "Villasenor Rubio, Emilio Jose"]
[Result "1-0"]
[WhiteElo "2501"]
[BlackElo "2107"]
[PlyCount "38"]
[EventDate "2011.10.15"]
[EventType "swiss"]
[EventRounds "9"]
[EventCountry "ESP"]
[Source "lmi"]
[SourceDate "2011.10.15"]

1. Nf3 Nf6 2. c4 g6 3. g3 Bg7 4. Bg2 O-O 5. O-O d6 6. Nc3 e5 7. d3 Nc6 8. Bg5
h6 9. Bxf6 Bxf6 10. Nd2 Bg7 11. Rb1 a5 12. a3 f5 13. Qc1 h5 14. b4 Bh6 15. b5
Nd4 16. e3 Ne6 17. Qd1 h4 18. Qe2 Kg7 19. Ra1 Rb8 1-0

[Event "76. España ch 2011"]
[Site "Arenal d'en Castell ESP"]
[Date "2011.10.15"]
[Round "1.9"]
[White "Ladron De Guevara Pinto, Fermin"]
[Black "De La Villa Garcia, Jesus Maria"]
[Result "0-1"]
[WhiteElo "2049"]
[BlackElo "2486"]
[PlyCount "46"]
[EventDate "2011.10.15"]
[EventType "swiss"]
[EventRounds "9"]
[EventCountry "ESP"]
[Source "lmi"]
[SourceDate "2011.10.15"]

1. c4 Nf6 2. Nc3 e5 3. e4 Bc5 4. d3 O-O 5. g3 d6 6. Bg2 Ng4 7. Nh3 f5 8. O-O
Nc6 9. Nd5 h6 10. Rb1 a5 11. a3 a4 12. Be3 Nd4 13. Kh1 fxe4 14. dxe4 Be6 15.
Bxd4 Bxd4 16. Ndf4 exf4 17. Qxd4 f3 18. Nf4 Rxf4 19. gxf4 Qh4 20. h3 Nf6 21.
Bxf3 Qxh3+ 22. Kg1 Qxf3 23. f5 Qg4+ 0-1

[Event "76. España ch 2011"]
[Site "Arenal d'en Castell ESP"]
[Date "2011.10.15"]
[Round "1.10"]
[White "Vila Gazquez, Xavier"]
[Black "Villalobos Luque, Jose Manuel"]
[Result "1-0"]
[WhiteElo "2465"]
[BlackElo "2019"]
[PlyCount "71"]
[EventDate "2011.10.15"]
[EventType "swiss"]
[EventRounds "9"]
[EventCountry "ESP"]
[Source "lmi"]
[SourceDate "2011.10.15"]

1. e4 c6 2. d4 d5 3. e5 Bf5 4. Nf3 e6 5. Be2 c5 6. Be3 Qb6 7. Nc3 Qxb2 8. Nb5
Na6 9. dxc5 Bxc5 10. Bxc5 Nxc5 11. Nc7+ Kd7 12. Nxa8 Ne7 13. O-O Rxa8 14. Qd4
Qxd4 15. Nxd4 a6 16. c4 Bd3 17. cxd5 Nxd5 18. Rfd1 Bxe2 19. Nxe2 Ke7 20. Rac1
Nd7 21. Nc3 N7b6 22. Rd3 Nf4 23. Rd2 Rc8 24. g3 Ng6 25. Rb2 Rc6 26. f4 Nf8 27.
a4 Nfd7 28. a5 Na4 29. Rbc2 Nac5 30. Ne2 f6 31. Nd4 Rc7 32. Nf3 Rc6 33. Kf1 Kd8
34. Nd4 Rc7 35. Rxc5 Rxc5 36. Nxe6+ 1-0

[Event "76. España ch 2011"]
[Site "Arenal d'en Castell ESP"]
[Date "2011.10.16"]
[Round "2.1"]
[White "Illescas Cordoba, Miguel"]
[Black "Espinosa Aranda, Angel"]
[Result "1-0"]
[WhiteElo "2601"]
[BlackElo "2398"]
[PlyCount "61"]
[EventDate "2011.10.15"]
[EventType "swiss"]
[EventRounds "9"]
[EventCountry "ESP"]
[Source "lmi"]
[SourceDate "2011.10.15"]

1. d4 Nf6 2. Nf3 g6 3. c4 Bg7 4. Nc3 O-O 5. Bg5 c5 6. d5 d6 7. Qd2 e5 8. e4
Nbd7 9. Be2 Re8 10. O-O Qe7 11. Ne1 a6 12. a3 Qf8 13. b4 h6 14. Be3 b6 15. Rb1
Kh7 16. Qc2 Qe7 17. bxc5 dxc5 18. Nd3 Rf8 19. Nb2 Ne8 20. Nba4 Rb8 21. Rb3 Nc7
22. Bg4 Na8 23. Rfb1 Qd6 24. Bxd7 Bxd7 25. Qb2 Rbe8 26. Nxb6 Nxb6 27. Rxb6 Qe7
28. Rb7 f5 29. f3 f4 30. Bf2 Rf6 31. Rc7 1-0

[Event "76. España ch 2011"]
[Site "Arenal d'en Castell ESP"]
[Date "2011.10.16"]
[Round "2.2"]
[White "Espineira Gonzalez, Diego"]
[Black "Arizmendi Martinez, Julen Luis"]
[Result "1/2-1/2"]
[WhiteElo "2399"]
[BlackElo "2568"]
[PlyCount "50"]
[EventDate "2011.10.15"]
[EventType "swiss"]
[EventRounds "9"]
[EventCountry "ESP"]
[Source "lmi"]
[SourceDate "2011.10.15"]

1. e4 e6 2. d4 d5 3. Nd2 h6 4. Ngf3 Nf6 5. e5 Nfd7 6. Be2 c5 7. c3 Nc6 8. O-O
a5 9. a4 g5 10. Nb3 cxd4 11. cxd4 Bg7 12. Ne1 Qb6 13. Kh1 Nf8 14. f4 gxf4 15.
Bxf4 Ng6 16. Bh5 O-O 17. Ra3 Qd8 18. Be3 Nce7 19. g4 Qb6 20. Qd2 Qb4 21. Bxh6
Qxd2 22. Bxd2 b6 23. Nc1 Ba6 24. Rf2 Nc6 25. Nf3 Rfc8 1/2-1/2

[Event "76. España ch 2011"]
[Site "Arenal d'en Castell ESP"]
[Date "2011.10.16"]
[Round "2.3"]
[White "Perez Candelario, Manuel"]
[Black "Pons Sastre, Santiago"]
[Result "1-0"]
[WhiteElo "2556"]
[BlackElo "2391"]
[PlyCount "44"]
[EventDate "2011.10.15"]
[EventType "swiss"]
[EventRounds "9"]
[EventCountry "ESP"]
[Source "lmi"]
[SourceDate "2011.10.15"]

1. e4 c5 2. Ne2 g6 3. d4 cxd4 4. Nxd4 Nc6 5. c4 Nf6 6. Nc3 d6 7. Nc2 Bg7 8. Be2
O-O 9. O-O Nd7 10. Bd2 a5 11. Qc1 Nc5 12. Bh6 f5 13. exf5 Bxf5 14. Nb5 Ne5 15.
Ne3 Be4 16. Qd2 Rf7 17. Rad1 Bc6 18. f4 Ne4 19. Qd4 Nd7 20. Ng4 Kf8 21. Bf3
Nec5 22. f5 Nf6 1-0

[Event "76. España ch 2011"]
[Site "Arenal d'en Castell ESP"]
[Date "2011.10.16"]
[Round "2.4"]
[White "Alexandrova, Olga"]
[Black "Moreno Ruiz, Javier"]
[Result "1/2-1/2"]
[WhiteElo "2392"]
[BlackElo "2536"]
[PlyCount "58"]
[EventDate "2011.10.15"]
[EventType "swiss"]
[EventRounds "9"]
[EventCountry "ESP"]
[Source "lmi"]
[SourceDate "2011.10.15"]

1. d4 e6 2. c4 Nf6 3. Nf3 d5 4. Nc3 Bb4 5. e3 O-O 6. Bd3 b6 7. cxd5 exd5 8. a3
Bxc3+ 9. bxc3 Ba6 10. Bxa6 Nxa6 11. Qd3 Qc8 12. c4 dxc4 13. Qxc4 c5 14. dxc5
Nxc5 15. O-O Qf5 16. Nd4 Qg6 17. f3 Rac8 18. Qe2 Rfd8 19. Bd2 h5 20. Rfd1 Rd7
21. a4 Re8 22. Qf1 h4 23. a5 Nh5 24. axb6 axb6 25. Ra3 h3 26. g4 Nf4 27. exf4
Rxd4 28. Be3 Rxd1 29. Qxd1 Qc6 1/2-1/2

[Event "76. España ch 2011"]
[Site "Arenal d'en Castell ESP"]
[Date "2011.10.16"]
[Round "2.5"]
[White "Mascaro March, Pedro"]
[Black "Lopez Martinez, Josep Manuel"]
[Result "1/2-1/2"]
[WhiteElo "2391"]
[BlackElo "2519"]
[PlyCount "61"]
[EventDate "2011.10.15"]
[EventType "swiss"]
[EventRounds "9"]
[EventCountry "ESP"]
[Source "lmi"]
[SourceDate "2011.10.15"]

1. d4 e6 2. c4 Nf6 3. Nf3 d5 4. Nc3 Bb4 5. e3 O-O 6. Bd3 b6 7. cxd5 exd5 8. a3
Bxc3+ 9. bxc3 Ba6 10. Bxa6 Nxa6 11. Qd3 Qc8 12. c4 dxc4 13. Qxc4 c5 14. dxc5
Nxc5 15. O-O Qf5 16. Nd4 Qg6 17. f3 Rac8 18. Qe2 Rfd8 19. Bd2 h5 20. Rfd1 Rd7
21. a4 Re8 22. Qf1 h4 23. a5 Nh5 24. axb6 axb6 25. Ra3 h3 26. g4 Nf4 27. exf4
Rxd4 28. Be3 Rxd1 29. Qxd1 Qc6 30. Rc3 Qb5 31. Kf2 1/2-1/2

[Event "76. España ch 2011"]
[Site "Arenal d'en Castell ESP"]
[Date "2011.10.16"]
[Round "2.6"]
[White "Carrasco Martinez, Juan M"]
[Black "Alonso Rosell, Alvar"]
[Result "0-1"]
[WhiteElo "2374"]
[BlackElo "2501"]
[PlyCount "48"]
[EventDate "2011.10.15"]
[EventType "swiss"]
[EventRounds "9"]
[EventCountry "ESP"]
[Source "lmi"]
[SourceDate "2011.10.15"]

1. Nf3 Nf6 2. c4 c6 3. g3 d5 4. Bg2 dxc4 5. a4 Nbd7 6. Na3 e5 7. Qc2 e4 8. Ng5
Nc5 9. Qxc4 Qd5 10. Qxd5 cxd5 11. Nb5 Na6 12. O-O h6 13. Nh3 Bg4 14. f3 exf3
15. exf3 Bf5 16. d4 Bb4 17. Bd2 Kd7 18. Bc3 Bxc3 19. Nxc3 Nb4 20. Rae1 Nd3 21.
Re2 Rhe8 22. Rd2 Nb4 23. Nf2 a6 24. Rc1 Re3 0-1

[Event "76. España ch 2011"]
[Site "Arenal d'en Castell ESP"]
[Date "2011.10.16"]
[Round "2.7"]
[White "De La Villa Garcia, Jesus Maria"]
[Black "Cubas Pons, Juan Miguel"]
[Result "1-0"]
[WhiteElo "2486"]
[BlackElo "2340"]
[PlyCount "40"]
[EventDate "2011.10.15"]
[EventType "swiss"]
[EventRounds "9"]
[EventCountry "ESP"]
[Source "lmi"]
[SourceDate "2011.10.15"]

1. d4 Nf6 2. c4 e6 3. Nc3 Bb4 4. e3 O-O 5. Bd3 c5 6. Nge2 d5 7. a3 Bxc3+ 8.
bxc3 dxc4 9. Bxc4 Nc6 10. O-O e5 11. Bb2 Qc7 12. Ba2 Rd8 13. Qc2 Qe7 14. Rad1
Be6 15. dxe5 Bxa2 16. exf6 Qxf6 17. c4 Qg6 18. e4 Rxd1 19. Rxd1 Na5 20. Qd2 Nc6
1-0

[Event "76. España ch 2011"]
[Site "Arenal d'en Castell ESP"]
[Date "2011.10.16"]
[Round "2.9"]
[White "Fenollar Jorda, Manuel"]
[Black "Vila Gazquez, Xavier"]
[Result "1/2-1/2"]
[WhiteElo "2352"]
[BlackElo "2465"]
[PlyCount "54"]
[EventDate "2011.10.15"]
[EventType "swiss"]
[EventRounds "9"]
[EventCountry "ESP"]
[Source "lmi"]
[SourceDate "2011.10.15"]

1. d4 Nf6 2. c4 c5 3. d5 g6 4. Nc3 d6 5. g3 Bg7 6. Bg2 O-O 7. Nf3 Na6 8. O-O
Nc7 9. a4 Rb8 10. Bg5 Bg4 11. Qd2 a6 12. Bh6 b5 13. Bxg7 Kxg7 14. axb5 axb5 15.
b3 Bxf3 16. Bxf3 bxc4 17. bxc4 Rb4 18. Qa2 Qa8 19. Rac1 Nd7 20. e3 Qb7 21. Rb1
Rb8 22. Be2 Kg8 23. Rfc1 Ne5 24. f4 Nd7 25. Nb5 Nxb5 26. cxb5 Ra8 27. Qd2 Nb6
1/2-1/2

[Event "76. España ch 2011"]
[Site "Arenal d'en Castell ESP"]
[Date "2011.10.16"]
[Round "2.9"]
[White "Gonzalez De La Torre, Santiago"]
[Black "Pazos Porta, Antonio"]
[Result "1/2-1/2"]
[WhiteElo "2445"]
[BlackElo "2310"]
[PlyCount "39"]
[EventDate "2011.10.15"]
[EventType "swiss"]
[EventRounds "9"]
[EventCountry "ESP"]
[Source "lmi"]
[SourceDate "2011.10.15"]

1. d4 Nf6 2. c4 g6 3. g3 Bg7 4. Bg2 O-O 5. Nc3 d6 6. Nf3 Nc6 7. O-O a6 8. Qd3
e6 9. d5 Ne7 10. e4 Nd7 11. dxe6 fxe6 12. Bg5 Qe8 13. Qd2 Nc6 14. Bh6 Qe7 15.
Rac1 Nde5 16. Nxe5 Nxe5 17. Bxg7 Qxg7 18. Ne2 Nc6 19. c5 dxc5 20. Rxc5 1/2-1/2

[Event "76. España ch 2011"]
[Site "Arenal d'en Castell ESP"]
[Date "2011.10.16"]
[Round "2.10"]
[White "Fernandez Garcia, Jose Miguel"]
[Black "Teran Alvarez, Ismael"]
[Result "0-1"]
[WhiteElo "2325"]
[BlackElo "2435"]
[PlyCount "45"]
[EventDate "2011.10.15"]
[EventType "swiss"]
[EventRounds "9"]
[EventCountry "ESP"]
[Source "lmi"]
[SourceDate "2011.10.15"]

1. c4 e5 2. Nc3 Nf6 3. g3 Bb4 4. Bg2 O-O 5. Nf3 Re8 6. O-O Bxc3 7. dxc3 d6 8.
Ne1 h6 9. Nc2 e4 10. Ne3 Nc6 11. b3 a5 12. a4 Ne5 13. Qc2 Neg4 14. h3 Nxe3 15.
Bxe3 b6 16. Rfd1 Qe7 17. Rd4 Bb7 18. Kh2 Rad8 19. Rad1 Nd7 20. b4 Bc6 21. R4d2
Ra8 22. b5 Bb7 23. Rf1 0-1

[Event "76. España ch 2011"]
[Site "Arenal d'en Castell ESP"]
[Date "2011.10.18"]
[Round "4.1"]
[White "Illescas Cordoba, Miguel"]
[Black "Perez Candelario, Manuel"]
[Result "1-0"]
[WhiteElo "2601"]
[BlackElo "2556"]
[PlyCount "89"]
[EventDate "2011.10.15"]
[EventType "swiss"]
[EventRounds "9"]
[EventCountry "ESP"]
[Source "lmi"]
[SourceDate "2011.10.15"]

1. d4 d5 2. c4 e6 3. Nc3 c6 4. Nf3 Nf6 5. e3 Nbd7 6. Qc2 Bd6 7. Bd3 dxc4 8.
Bxc4 b5 9. Bd3 Bb7 10. O-O O-O 11. a3 a5 12. Ng5 Bxh2+ 13. Kxh2 Ng4+ 14. Kg1
Qxg5 15. f3 Ngf6 16. e4 Qh4 17. Be3 e5 18. Ne2 Rfe8 19. Qd2 h6 20. Rac1 Nh5 21.
d5 cxd5 22. Bxb5 d4 23. Rc7 Bc8 24. Bf2 Qd8 25. Rfc1 Re6 26. g4 Nhf6 27. Ng3
Ne8 28. R7c2 Nd6 29. Bc6 Rb8 30. Bd5 Re8 31. Bc6 Qg5 32. Qxg5 hxg5 33. Be1 Rb3
34. Kg2 d3 35. Rf2 Nb7 36. Ba4 Rb6 37. Nf5 Kh7 38. Kg3 Rbe6 39. Rxc8 Rxc8 40.
Bxd7 Rc1 41. Bxe6 fxe6 42. Ne7 g6 43. Bc3 Nc5 44. Rd2 Rc2 45. Rd1 1-0

[Event "76. España ch 2011"]
[Site "Arenal d'en Castell ESP"]
[Date "2011.10.18"]
[Round "4.3"]
[White "Gonzalez De La Torre, Santiago"]
[Black "Moreno Ruiz, Javier"]
[Result "0-1"]
[WhiteElo "2445"]
[BlackElo "2536"]
[PlyCount "99"]
[EventDate "2011.10.15"]
[EventType "swiss"]
[EventRounds "9"]
[EventCountry "ESP"]
[Source "lmi"]
[SourceDate "2011.10.15"]

1. d4 e6 2. Nf3 Nf6 3. c4 d5 4. g3 dxc4 5. Bg2 Nc6 6. Qa4 Bb4+ 7. Bd2 Nd5 8.
Bxb4 Ndxb4 9. Na3 O-O 10. O-O a6 11. Ne5 Qxd4 12. Nxc6 Nxc6 13. Bxc6 bxc6 14.
Nxc4 Rb8 15. Rad1 Qc5 16. Rc1 Qh5 17. f3 Rb5 18. Rfd1 e5 19. Qa3 e4 20. fxe4
Qxe2 21. Qd3 Qh5 22. b3 f5 23. Ne3 fxe4 24. Qc4+ Kh8 25. Rf1 Rg8 26. Qxc6 Qe2
27. Nd5 Bb7 28. Qc4 Qxc4 29. bxc4 Rc5 30. Ne3 Rd8 31. Rb1 Bc6 32. Rf7 Ba8 33.
Rd7 Rg8 34. Rf1 Ra5 35. Rff7 Rxa2 36. Rxc7 Re2 37. Ng4 Rb8 38. Kf1 Ra2 39. Rf2
Ra1+ 40. Ke2 h5 41. Rff7 hxg4 42. Rxg7 Ra2+ 43. Ke3 Rxh2 44. c5 Bd5 45. Rxg4
Rh7 46. Rh4 Rxh4 47. gxh4 a5 48. c6 a4 49. Kd4 Be6 50. Ra7 0-1

[Event "76. España ch 2011"]
[Site "Arenal d'en Castell ESP"]
[Date "2011.10.18"]
[Round "4.4"]
[White "Alexandrova, Olga"]
[Black "Alonso Rosell, Alvar"]
[Result "1/2-1/2"]
[WhiteElo "2392"]
[BlackElo "2501"]
[PlyCount "82"]
[EventDate "2011.10.15"]
[EventType "swiss"]
[EventRounds "9"]
[EventCountry "ESP"]
[Source "lmi"]
[SourceDate "2011.10.15"]

1. d4 d5 2. c4 c6 3. e3 Nf6 4. Nc3 e6 5. Nf3 Nbd7 6. Qc2 Bd6 7. Bd3 O-O 8. O-O
dxc4 9. Bxc4 b5 10. Be2 Bb7 11. Rd1 Qb8 12. e4 e5 13. dxe5 Nxe5 14. g3 Re8 15.
Bg5 Nxf3+ 16. Bxf3 Be5 17. Rac1 a6 18. Bg2 h6 19. Bxf6 Bxf6 20. f4 c5 21. e5
Be7 22. Ne4 c4 23. Nd6 Bxd6 24. Rxd6 Qc7 25. Rcd1 Rac8 26. Rd7 Qb6+ 27. Qf2
Qxf2+ 28. Kxf2 Bxg2 29. Kxg2 b4 30. Kf3 c3 31. bxc3 bxc3 32. Rc1 Rc5 33. Rc2
Rec8 34. Ke4 g6 35. g4 Ra5 36. Rd4 Rxa2 37. Rxa2 c2 38. Rxc2 Rxc2 39. Ra4 Rxh2
40. Rxa6 h5 41. gxh5 Rxh5 1/2-1/2

[Event "76. España ch 2011"]
[Site "Arenal d'en Castell ESP"]
[Date "2011.10.18"]
[Round "4.5"]
[White "Cifuentes Parada, Roberto"]
[Black "Vila Gazquez, Xavier"]
[Result "1-0"]
[WhiteElo "2518"]
[BlackElo "2465"]
[PlyCount "93"]
[EventDate "2011.10.15"]
[EventType "swiss"]
[EventRounds "9"]
[EventCountry "ESP"]
[Source "lmi"]
[SourceDate "2011.10.15"]

1. d4 Nf6 2. Nf3 g6 3. Bg5 Bg7 4. Nbd2 h6 5. Bh4 d6 6. e4 O-O 7. c3 Nc6 8. Be2
e5 9. dxe5 dxe5 10. O-O Qe7 11. b4 g5 12. Bg3 Nh5 13. Nc4 Nf4 14. Ne3 a5 15. b5
Nb8 16. h4 Rd8 17. Qc2 g4 18. Nh2 h5 19. Rad1 Rxd1 20. Rxd1 Be6 21. f3 gxf3 22.
Nxf3 Nd7 23. Bf1 Bh6 24. Bf2 Ng6 25. Nf5 Bxf5 26. exf5 Ngf8 27. Qe4 Re8 28. Re1
b6 29. Qc6 Qd6 30. Bc4 Kg7 31. Ng5 Re7 32. Qxd6 cxd6 33. Ne4 Nh7 34. Nxd6 Nhf6
35. Rd1 Ng4 36. Bxf7 Nxf2 37. Kxf2 Nc5 38. Bxh5 e4 39. Be2 Na4 40. c4 Nc3 41.
Rd4 Kf6 42. Nc8 Rh7 43. Nxb6 Kxf5 44. Rd7 Rh8 45. Nd5 Nxa2 46. Ne3+ Kf6 47.
Rd6+ 1-0

[Event "76. España ch 2011"]
[Site "Arenal d'en Castell ESP"]
[Date "2011.10.18"]
[Round "4.6"]
[White "Del Rio De Angelis, Salvador G"]
[Black "Cubas Pons, Juan Miguel"]
[Result "1-0"]
[WhiteElo "2527"]
[BlackElo "2340"]
[PlyCount "79"]
[EventDate "2011.10.15"]
[EventType "swiss"]
[EventRounds "9"]
[EventCountry "ESP"]
[Source "lmi"]
[SourceDate "2011.10.15"]

1. d4 d5 2. c4 e6 3. Nc3 Nf6 4. Bg5 Nbd7 5. e3 Be7 6. Nf3 O-O 7. Bd3 a6 8. c5
c6 9. O-O b6 10. b4 a5 11. a3 Ba6 12. Bxa6 Rxa6 13. b5 cxb5 14. c6 Nb8 15. Nxb5
Nxc6 16. Rc1 Ne4 17. Bf4 Qd7 18. Qc2 Nb4 19. Qe2 Nc6 20. Nc7 Ra7 21. Qb5 g5 22.
Rxc6 gxf4 23. Qxb6 Bd6 24. Ne5 Bxe5 25. dxe5 Nd2 26. Rc2 Nxf1 27. Qxa7 Qa4 28.
Qc5 Qb3 29. Rc3 Qb2 30. Kxf1 Rb8 31. exf4 Qd2 32. Rc1 Qxf4 33. Kg1 d4 34. g3
Qe4 35. Nb5 d3 36. Nc3 Qf5 37. Qe3 Rb3 38. Ne4 d2 39. Qxd2 Qxe4 40. Qd8+ 1-0

[Event "76. España ch 2011"]
[Site "Arenal d'en Castell ESP"]
[Date "2011.10.18"]
[Round "4.7"]
[White "Pazos Porta, Antonio"]
[Black "Teran Alvarez, Ismael"]
[Result "0-1"]
[WhiteElo "2310"]
[BlackElo "2435"]
[PlyCount "100"]
[EventDate "2011.10.15"]
[EventType "swiss"]
[EventRounds "9"]
[EventCountry "ESP"]
[Source "lmi"]
[SourceDate "2011.10.15"]

1. e4 e6 2. d4 d5 3. Nc3 Nf6 4. Bg5 dxe4 5. Nxe4 Be7 6. Bxf6 gxf6 7. Nf3 f5 8.
Ng3 c5 9. d5 Qxd5 10. Qxd5 exd5 11. Bd3 Nc6 12. Bxf5 O-O 13. O-O-O Rd8 14. Rhe1
Bxf5 15. Nxf5 Bf6 16. g4 Rd7 17. g5 Bh8 18. h4 d4 19. Re4 Rad8 20. Rde1 Kf8 21.
h5 d3 22. cxd3 Nb4 23. R1e3 Nxd3+ 24. Kc2 Nb4+ 25. Kb3 b5 26. Rxb4 cxb4 27.
Kxb4 Bxb2 28. N3h4 Bc1 29. Rg3 Rd5 30. g6 fxg6 31. hxg6 hxg6 32. Rxg6 Bd2+ 33.
Kb3 a5 34. Rf6+ Ke8 35. Re6+ Kf7 36. Re7+ Kf6 37. Rc7 Rxf5 38. Rc6+ Kg5 39.
Nxf5 Kxf5 40. Rc5+ Kf4 41. Rxb5 Bb4 42. Rb7 Rd3+ 43. Kb2 Rd2+ 44. Kb3 Rxf2 45.
a4 Ke5 46. Kc4 Kd6 47. Kb5 Rf5+ 48. Ka6 Rc5 49. Rh7 Kd5 50. Rh4 Rc4 0-1